001830000a220007300045001000020000002450043000203000033000637730013000961 aKenyon, John A.10aEncouraging local NGOs in eastern Mali aNúm 34 (1992), Páginas 90 tTogether